all US states with 2 words - Statistics

General Stats
  • This quiz has been taken 38 times
  • The average score is 9 of 10
Answer Stats
Answer % Correct
North Dakota
97%
South Dakota
97%
North Carolina
94%
South Carolina
94%
West Virginia
94%
New Mexico
91%
New York
91%
New Hampshire
85%
New Jersey
85%
Rhode Island
74%
No matching quizzes found
Score Distribution
Percent of People with Each Score
Percentile by Number Answered
Your Score History
You have not taken this quiz